000
00519nam a2200181Ia 4500
008
090124s9999 xx 000 0 und d
082
_b
108029
100
_a
सरदेसाई लक्ष्मणराव
245
_a
मोहोर
250
_a
1
260
_c
1960
300
_a
192
600
_a
सरदेसाई लक्ष्मणराव
630
_a
मोहोर
700
_a
सरदेसाई लक्ष्मणराव
730
_a
मोहोर
942
_c
BOOK
999
_c
154120
_d
154120